[Event "38th World U20 ch"]
[Site "Yerevan ARM"]
[Date "1999.09.27"]
[Round "10.9"]
[White "Bakhtadze, Giorgi"]
[Black "Matikozian, Andranik"]
[Result "1/2-1/2"]
[WhiteElo "2403"]
[BlackElo "2427"]
[EventDate "1999.09.18"]
[PlyCount "92"]

1.Nf3 Nf6 2.b3 g6 3.Bb2 Bg7 4.e3 d6 5.d4 O-O 6.c4 Nbd7 7.Be2 e5 8.dxe5 Ng4
9.O-O Ndxe5 10.Nxe5 Nxe5 11.Nc3 Be6 12.Qd2 f5 13.Rad1 a5 14.Qc1 Qe7 15.Nd5
Bxd5 16.Rxd5 Nd7 17.Bf3 Ne5 18.Be2 Nd7 19.g3 Bxb2 20.Qxb2 Nf6 21.Rd4 Ne4 
22.Rfd1 Rae8 23.Bf1 h5 24.a3 c6 25.Bg2 Qe5 26.f4 Qf6 27.Qc2 c5 28.R4d3 Qe7
29.Bxe4 Qxe4 30.Qg2 Kg7 31.Qxe4 Rxe4 32.Rxd6 a4 33.Rd7+ Rf7 34.Rxf7+ Kxf7 
35.Rd7+ Ke6 36.Rxb7 axb3 37.Rxb3 Rxc4 38.Rb6+ Kd5 39.Kf2 Rc2+ 40.Kf3 c4 
41.Rxg6 c3 42.Rg8 Kc4 43.Rc8+ Kb3 44.e4 fxe4+ 45.Kxe4 Rxh2 46.f5 Rf2 
1/2-1/2

[Event "38th World U20 ch"]
[Site "Yerevan ARM"]
[Date "1999.09.27"]
[Round "10.11"]
[White "Vajda, Levente"]
[Black "Marcelin, Cyril"]
[Result "0-1"]
[WhiteElo "2462"]
[BlackElo "2395"]
[EventDate "1999.09.18"]
[PlyCount "81"]

1.e4 c5 2.c3 d5 3.exd5 Qxd5 4.d4 Nf6 5.Nf3 Nc6 6.Be3 cxd4 7.cxd4 e6 8.Nc3 
Qd6 9.a3 Be7 10.Bd3 b6 11.Rc1 Bb7 12.Nb5 Qd8 13.Ne5 Rc8 14.Nxc6 Rxc6 15.
Nxa7 Rxc1 16.Qxc1 O-O 17.Nc6 Qd6 18.Nxe7+ Qxe7 19.O-O Rd8 20.Qc2 Qd6 21.f3
e5 22.Bc4 b5 23.Bxb5 exd4 24.Rd1 Qb6 25.Qd3 Rd5 26.Bxd4 Qxb5 27.Qxb5 Rxb5 
28.Bc5 Bc6 29.Rd8+ Ne8 30.b4 Rb7 31.Rc8 Rc7 32.Rb8 f6 33.Kf2 Rb7 34.Rc8 
Rc7 35.Rb8 Rb7 36.Rc8 Bd7 37.Ra8 Kf7 38.a4 Nc7 39.Ra5 Ne6 40.Ke3 Nxc5 41.
bxc5 0-1

[Event "38th World U20 ch"]
[Site "Yerevan ARM"]
[Date "1999.09.27"]
[Round "10.12"]
[White "Smetankin, Stanislav"]
[Black "Pert, Nicholas"]
[Result "1/2-1/2"]
[WhiteElo "2385"]
[BlackElo "2425"]
[EventDate "1999.09.18"]
[PlyCount "81"]

1.c4 e5 2.Nc3 Bb4 3.g3 Bxc3 4.dxc3 d6 5.Bg2 f5 6.e4 Nc6 7.Qh5+ g6 8.Qe2 
Nf6 9.exf5 Bxf5 10.Bg5 h6 11.Bxf6 Qxf6 12.Nf3 Bg4 13.h3 Bxf3 14.Bxf3 O-O-O
15.Be4 Ne7 16.O-O-O c6 17.Kb1 Kb8 18.Rd2 Rhf8 19.Rhd1 Nf5 20.Ka1 Ne7 21.h4
Qe6 22.Bc2 g5 23.hxg5 hxg5 24.Be4 g4 25.Bc2 Rf6 26.c5 d5 27.Re1 Rdf8 28.
Qxe5+ Qxe5 29.Rxe5 Rxf2 30.Rxf2 Rxf2 31.Bb1 Nc8 32.Rg5 b6 33.cxb6 Nxb6 34.
b3 Rf3 35.Rxg4 Rxc3 36.Kb2 Re3 37.a4 d4 38.Be4 Re2+ 39.Ka3 c5 40.a5 Nd7 
41.Bd3 1/2-1/2

[Event "38th World U20 ch"]
[Site "Yerevan ARM"]
[Date "1999.09.27"]
[Round "10.13"]
[White "Perelshteyn, Eugene"]
[Black "De Vreugt, Dennis"]
[Result "1/2-1/2"]
[WhiteElo "2416"]
[BlackElo "2398"]
[EventDate "1999.09.18"]
[PlyCount "191"]

1.e4 e5 2.Nf3 Nc6 3.Bc4 Nf6 4.d4 exd4 5.e5 d5 6.Bb5 Ne4 7.Nxd4 Bd7 8.Bxc6 
bxc6 9.O-O Bc5 10.f3 Ng5 11.Be3 O-O 12.f4 Ne4 13.Nd2 Bxd4 14.Bxd4 c5 15.
Nxe4 dxe4 16.Bxc5 Re8 17.Qd4 Bb5 18.Rfd1 Qxd4+ 19.Rxd4 Bc6 20.Rc4 Bd5 21.
Rc3 Red8 22.Be3 c6 23.Rc5 Rdb8 24.f5 Rb5 25.Rxb5 cxb5 26.Rd1 Bxa2 27.b3 
Rc8 28.e6 Kf8 29.Bg5 f6 30.Bf4 a5 31.Rd7 a4 32.bxa4 bxa4 33.Ra7 Bb1 34.c4 
h5 35.Bd6+ Kg8 36.Kf2 e3+ 37.Kxe3 Bxf5 38.e7 Bg6 39.Rd7 Rxc4 40.Rd8+ Kh7 
41.e8=Q Bxe8 42.Rxe8 a3 43.Kd3 Ra4 44.Re1 a2 45.Ra1 h4 46.Kc3 h3 47.gxh3 
Rh4 48.Rxa2 Rxh3+ 49.Kd4 Rh5 50.Rc2 Kg6 51.Rc7 Rh8 52.Kd5 Re8 53.Ra7 Re2 
54.Bg3 Re8 55.Kd6 Re2 56.Rb7 Re3 57.Re7 Rd3+ 58.Ke6 Rd2 59.Re8 Kg5 60.Kf7 
Rd7+ 61.Ke6 Rd2 62.Rg8 Kg6 63.Ke7 Ra2 64.Rc8 Ra7+ 65.Kf8 Kh5 66.Bc7 Kg6 
67.Kg8 Rb7 68.Kh8 Ra7 69.Bg3 Rd7 70.Rg8 Kh6 71.Rf8 Kg6 72.Kg8 Ra7 73.Rd8 
Kh5 74.Rd6 Kg6 75.Rb6 Kh5 76.Bb8 Rd7 77.Kf8 f5 78.Ke8 Rd5 79.Kf7 g5 80.Ke6
Ra5 81.Be5 Kg4 82.Rb3 Ra6+ 83.Kd5 Ra5+ 84.Ke6 Ra6+ 85.Bd6 f4 86.h3+ Kh4 
87.Ke5 Ra2 88.Kf5 Rg2 89.Bc5 Rg3 90.Bf2 Kxh3 91.Bxg3 fxg3 92.Ke4 Kh2 93.
Rb2+ g2 94.Kf3 g4+ 95.Kxg4 Kh1 96.Rxg2 1/2-1/2

[Event "38th World U20 ch"]
[Site "Yerevan ARM"]
[Date "1999.09.27"]
[Round "10.15"]
[White "Jakupovic, Neven"]
[Black "Jenni, Florian"]
[Result "1/2-1/2"]
[WhiteElo "2263"]
[BlackElo "2399"]
[EventDate "1999.09.18"]
[PlyCount "148"]

1.Nf3 Nf6 2.g3 g6 3.b3 Bg7 4.Bg2 d6 5.d4 O-O 6.Bb2 Nbd7 7.O-O e5 8.dxe5 
Ng4 9.Qc1 Ngxe5 10.c4 Re8 11.Nc3 a5 12.Rd1 Nc5 13.Nxe5 Bxe5 14.Nd5 c6 15.
Ne3 Qb6 16.Rb1 Bd7 17.Bf3 h5 18.Bc3 Rad8 19.Qd2 Ra8 20.Rbc1 Bh3 21.Ng2 
Bxg2 22.Kxg2 Re6 23.Qh6 Bxc3 24.Rxc3 a4 25.Qf4 Rd8 26.h3 axb3 27.axb3 Qb4 
28.Qc1 Ra8 29.Qc2 Ra3 30.Rb1 Re8 31.h4 Nd7 32.Rd1 Ne5 33.Re3 Re6 34.Qb1 
Ra8 35.Qc2 Rae8 36.Rd2 Qc5 37.Rc3 Rf6 38.Re3 Ree6 39.Rc3 Kf8 40.e4 Re8 41.
Bd1 Ng4 42.Bxg4 hxg4 43.Re3 Rfe6 44.Qc3 Kg8 45.Rde2 Re5 46.b4 Qa7 47.Re1 
R8e6 48.Ra1 Qb8 49.Ra5 Rxa5 50.bxa5 Re5 51.Qb4 Qc7 52.Rb3 Rxe4 53.Qxb7 
Qxb7 54.Rxb7 Rxc4 55.a6 Kg7 56.Rd7 Ra4 57.a7 c5 58.Rxd6 Rxa7 59.Rc6 Ra5 
60.Kf1 Ra1+ 61.Ke2 Rc1 62.Kd2 Rc4 63.Kd3 Rd4+ 64.Ke3 Rd5 65.Kf4 Kf8 66.Rc7
Ke8 67.Kxg4 Rf5 68.f4 Kd8 69.Ra7 c4 70.Kf3 c3 71.Ra2 Rc5 72.Rc2 Ke7 73.Ke3
Ke6 74.Kd4 Rd5+ 1/2-1/2

[Event "38th World U20 ch"]
[Site "Yerevan ARM"]
[Date "1999.09.27"]
[Round "10.16"]
[White "Bunzmann, Dimitrij"]
[Black "Budnikov, Oleg"]
[Result "1-0"]
[WhiteElo "2596"]
[BlackElo "2331"]
[EventDate "1999.09.18"]
[PlyCount "119"]

1.c4 e5 2.g3 Nc6 3.Bg2 Bc5 4.e3 d6 5.Ne2 Bb6 6.Nbc3 Be6 7.Nd5 Qd7 8.O-O 
Bh3 9.d4 Nge7 10.dxe5 dxe5 11.Nxb6 axb6 12.Qxd7+ Bxd7 13.b3 O-O 14.Nc3 Be6
15.Nb5 Rac8 16.Ba3 Rfe8 17.Bxe7 Rxe7 18.Bxc6 bxc6 19.Na7 Ra8 20.Nxc6 Ree8 
21.a4 Bf5 22.Rac1 Be4 23.Nb4 Red8 24.f3 Bb7 25.c5 Bc8 26.cxb6 cxb6 27.Rc6 
Bh3 28.Rfc1 Rd2 29.R1c2 Rd1+ 30.Kf2 Be6 31.Rb2 Rh1 32.Kg2 Re1 33.Kf2 Rh1 
34.Kg2 Re1 35.Rxb6 Rxe3 36.Na6 Rc8 37.Rb5 g5 38.Rc5 Rd8 39.b4 Bd5 40.Rd2 
Bxf3+ 41.Kf2 Red3 42.Rxd3 Rxd3 43.Rxe5 g4 44.Nc5 Rd2+ 45.Ke3 Rxh2 46.b5 h5
47.Kf4 Kg7 48.b6 Rb2 49.a5 Rb4+ 50.Ke3 Kg6 51.Re7 f5 52.b7 h4 53.Re6+ Kf7 
54.Rb6 Rxb6 55.axb6 Bxb7 56.Nxb7 h3 57.Kf2 Ke7 58.Na5 Kd6 59.Kg1 Kd7 60.
Nc4 1-0

[Event "38th World U20 ch"]
[Site "Yerevan ARM"]
[Date "1999.09.27"]
[Round "10.17"]
[White "Starostits, Ilmars"]
[Black "Sargissian, Gabriel"]
[Result "0-1"]
[WhiteElo "2358"]
[BlackElo "2470"]
[EventDate "1999.09.18"]
[PlyCount "84"]

1.c4 c5 2.Nc3 Nf6 3.g3 e6 4.Nf3 b6 5.Bg2 Bb7 6.O-O Be7 7.d4 cxd4 8.Nxd4 
Bxg2 9.Kxg2 O-O 10.e4 d6 11.b3 a6 12.Bb2 Qc7 13.Qe2 Nbd7 14.f3 Rfe8 15.Qd2
Nc5 16.g4 Nfd7 17.b4 Nb7 18.f4 Nd8 19.Rac1 Qb7 20.Rf3 Rc8 21.Qe2 Nc6 22.
Nc2 Bf8 23.g5 Ne7 24.Rh3 g6 25.Qf2 Bg7 26.Qh4 Nf8 27.Kg1 Rxc4 28.Ne3 Rxe4 
29.Nxe4 Qxe4 30.Bxg7 Kxg7 31.a3 Nf5 32.Nxf5+ Qxf5 33.Rf3 e5 34.Qh3 e4 35.
Qxf5 gxf5 36.Rff1 d5 37.Rc6 Re6 38.Rfc1 Ng6 39.Rxe6 fxe6 40.Rc7+ Kg8 41.
Rc6 Nxf4 42.Rxb6 e3 0-1

[Event "38th World U20 ch"]
[Site "Yerevan ARM"]
[Date "1999.09.27"]
[Round "10.19"]
[White "Dovramadiev, Tikhomir"]
[Black "Kidambi, Sundararajan"]
[Result "1-0"]
[WhiteElo "2254"]
[BlackElo "2334"]
[EventDate "1999.09.18"]
[PlyCount "89"]

1.Nf3 Nf6 2.g3 d5 3.Bg2 Bg4 4.O-O Nbd7 5.d3 c6 6.Nbd2 e5 7.e4 dxe4 8.dxe4 
Bc5 9.c3 O-O 10.b4 Bb6 11.a4 a5 12.Qc2 Re8 13.Rb1 Bc7 14.Rd1 Qb8 15.h3 Bh5
16.g4 Bg6 17.Nh4 Nf8 18.Nf5 axb4 19.cxb4 Ne6 20.Nf3 Nf4 21.Be3 h5 22.g5 
Nh7 23.h4 Nxg2 24.Kxg2 Nf8 25.b5 cxb5 26.Rxb5 Bxf5 27.exf5 e4 28.Nd2 Bf4 
29.Nxe4 Bxe3 30.fxe3 Qa7 31.Rd4 Rad8 32.Rxd8 Rxd8 33.Qb3 Rd7 34.g6 Qa6 35.
gxf7+ Kh8 36.Qc4 Qh6 37.Kf3 Rd1 38.Qc8 g6 39.Qc3+ Qg7 40.Qxg7+ Kxg7 41.f6+
Kxf7 42.Rxb7+ Ke6 43.Re7+ Kf5 44.Re8 Ne6 45.f7 1-0

[Event "38th World U20 ch"]
[Site "Yerevan ARM"]
[Date "1999.09.27"]
[Round "10.22"]
[White "Labollita, Martin"]
[Black "Williams, Simon"]
[Result "1-0"]
[WhiteElo "2199"]
[BlackElo "2421"]
[EventDate "1999.09.18"]
[PlyCount "68"]

1.d4 e6 2.e4 d5 3.Nd2 Nf6 4.e5 Nfd7 5.Bd3 c5 6.c3 Nc6 7.Ngf3 g5 8.b4 g4 9.
Ng5 cxd4 10.cxd4 Ndxe5 11.dxe5 Nxe5 12.Bb5+ Bd7 13.Bxd7+ Qxd7 14.Qe2 Bd6 
15.f4 Nc6 16.Qxg4 Nd4 17.Qd1 Bxf4 18.O-O Qb5 19.Rxf4 Ne2+ 20.Kh1 Nxf4 21.
Nde4 dxe4 22.Bxf4 Rd8 23.Qe1 Qf5 24.Qxe4 Qxe4 25.Nxe4 f5 26.Ng5 Rd4 27.g3 
Rg8 28.Nxe6 Re4 29.Nc7+ Kf7 30.Rd1 Kg6 31.Rd6+ Kf7 32.Nd5 Rg6 33.Rd7+ Ke6 
34.Rd8 Re2 1-0

[Event "38th World U20 ch"]
[Site "Yerevan ARM"]
[Date "1999.09.27"]
[Round "10.23"]
[White "Guid, Matej"]
[Black "Khamrakulov, Ibragim"]
[Result "0-1"]
[WhiteElo "2185"]
[BlackElo "2383"]
[EventDate "1999.09.18"]
[PlyCount "80"]

1.e4 c5 2.Nf3 a6 3.c3 g6 4.d4 cxd4 5.Qxd4 Nf6 6.e5 Nc6 7.Qh4 Nh5 8.g4 Ng7 
9.Bg2 h5 10.Bf4 Ne6 11.Bg3 Bg7 12.O-O hxg4 13.Qxg4 Rh5 14.Re1 Qc7 15.Qe4 
b5 16.Nbd2 Bb7 17.Qe2 Bh6 18.a4 Nf4 19.Bxf4 Bxf4 20.axb5 axb5 21.Rxa8+ 
Bxa8 22.Qxb5 Nxe5 23.Qb4 Nxf3+ 24.Bxf3 Bxh2+ 25.Kf1 Bd6 26.Qg4 Bxf3 27.
Qxf3 Kf8 28.Ne4 Be5 29.b4 Qc4+ 30.Re2 d5 31.Ng3 Rg5 32.Kg2 Bxc3 33.b5 Bd4 
34.Rd2 Bb6 35.Rb2 Rg4 36.Qa3 Rf4 37.Qa8+ Kg7 38.Qb8 Qd4 39.Nh1 Rg4+ 40.Kh3
Rh4+ 0-1

[Event "38th World U20 ch"]
[Site "Yerevan ARM"]
[Date "1999.09.27"]
[Round "10.24"]
[White "Berg, Emanuel"]
[Black "Mallahi, Amir"]
[Result "1-0"]
[WhiteElo "2348"]
[BlackElo "2317"]
[EventDate "1999.09.18"]
[PlyCount "96"]

1.e4 c5 2.Nf3 Nc6 3.d4 cxd4 4.Nxd4 Nf6 5.Nc3 e5 6.Ndb5 d6 7.Bg5 a6 8.Na3 
b5 9.Bxf6 gxf6 10.Nd5 f5 11.g3 fxe4 12.Bg2 Bg7 13.Bxe4 O-O 14.Ne3 Qc7 15.
c3 Rb8 16.Qd3 f5 17.Nxf5 Bxf5 18.Bxf5 b4 19.Nc2 bxc3 20.bxc3 e4 21.Qc4+ 
Kh8 22.Ne3 d5 23.Nxd5 Qf7 24.Qxc6 Qxf5 25.O-O Rb2 26.Nf4 Be5 27.Ne6 Rg8 
28.Nd4 Bxd4 29.cxd4 Rf8 30.Qc5 Qxc5 31.dxc5 Rc2 32.Rae1 Rxc5 33.Rxe4 Rc2 
34.Ra4 Rf6 35.f3 Rh6 36.h4 Rb6 37.Rf2 Rc1+ 38.Kg2 Kg7 39.Re2 Rc5 40.Re7+ 
Kg6 41.Rg4+ Kf6 42.Rxh7 Rb2+ 43.Kh3 Rxa2 44.Rh6+ Kf7 45.Rgg6 a5 46.Ra6 a4 
47.Ra7+ Kg8 48.Rb6 Rc8 1-0

[Event "38th World U20 ch"]
[Site "Yerevan ARM"]
[Date "1999.09.27"]
[Round "10.25"]
[White "Pinter, Erik"]
[Black "Benkovic, Petar"]
[Result "1/2-1/2"]
[WhiteElo "2163"]
[BlackElo "2328"]
[EventDate "1999.09.18"]
[PlyCount "78"]

1.e4 c5 2.Nf3 Nc6 3.d4 cxd4 4.Nxd4 Qc7 5.Nc3 e6 6.Be3 a6 7.Be2 Nf6 8.O-O 
d6 9.f4 Be7 10.Qe1 O-O 11.Kh1 Nxd4 12.Bxd4 b5 13.a3 Bb7 14.Qg3 Bc6 15.Rae1
Rae8 16.Bd3 e5 17.fxe5 Nh5 18.Qh3 dxe5 19.Be3 Nf4 20.Bxf4 exf4 21.e5 g6 
22.Be4 Bg5 23.Bxc6 Qxc6 24.Qf3 Qxf3 25.gxf3 Re6 26.Re4 Bh6 27.Nd5 Bg7 28.
Rfe1 g5 29.h4 h6 30.R1e2 Rd8 31.Nb4 Rd1+ 32.Kg2 Bf8 33.Nd3 Kg7 34.h5 Rc6 
35.Nf2 Rb1 36.c3 Bc5 37.Rd2 Be3 38.Re2 Ra1 39.Ng4 Bc5 1/2-1/2

[Event "38th World U20 ch"]
[Site "Yerevan ARM"]
[Date "1999.09.27"]
[Round "10.30"]
[White "Petrosian, Davit Gevorgi"]
[Black "Kumin, Simon"]
[Result "1-0"]
[WhiteElo "2309"]
[BlackElo "2251"]
[EventDate "1999.09.18"]
[PlyCount "89"]

1.e4 e6 2.d4 d5 3.Nd2 c5 4.Ngf3 Nf6 5.exd5 exd5 6.Bb5+ Bd7 7.Qe2+ Be7 8.
dxc5 O-O 9.Nb3 Re8 10.O-O Bxc5 11.Qd3 Bxb5 12.Qxb5 Bb6 13.Bf4 Re4 14.Bg5 
Nbd7 15.Rad1 Qc7 16.Nbd4 g6 17.c3 Kg7 18.Bh4 a6 19.Qb3 Rae8 20.Bg3 Qc5 21.
Qa4 R4e7 22.Qc2 Ne4 23.Bh4 Ndf6 24.Qd3 Bd8 25.Ne1 Rd7 26.f3 Nd6 27.Bf2 Qc8
28.Qc2 Nc4 29.Qc1 Rde7 30.Nec2 b5 31.Rfe1 Qb7 32.Rxe7 Bxe7 33.Re1 Qd7 34.
Re2 Rc8 35.Bh4 Ng8 36.Bxe7 Nxe7 37.Qg5 Nc6 38.Nxc6 Qxc6 39.Nd4 Qf6 40.Qxd5
Rd8 41.Qe4 b4 42.h3 Nxb2 43.Rxb2 bxc3 44.Rb4 c2 45.Nxc2 1-0

[Event "38th World U20 ch"]
[Site "Yerevan ARM"]
[Date "1999.09.27"]
[Round "10.31"]
[White "Aranha Filho, Alvaro Zimmermann"]
[Black "Peralta, Fernando"]
[Result "0-1"]
[WhiteElo "2236"]
[BlackElo "2433"]
[EventDate "1999.09.18"]
[PlyCount "74"]

1.e4 Nf6 2.e5 Nd5 3.d4 d6 4.c4 Nb6 5.exd6 exd6 6.Nc3 Be7 7.b3 O-O 8.Bd3 
Bf6 9.Nge2 Bg4 10.Be3 c5 11.Qd2 Nc6 12.Be4 Bxe2 13.Nxe2 cxd4 14.Nxd4 Bxd4 
15.Bxd4 Re8 16.Bxb6 Qxb6 17.f3 d5 18.cxd5 f5 19.O-O-O fxe4 20.dxc6 Qxc6+ 
21.Qc2 Qb6 22.Kb1 Rac8 23.Qe2 e3 24.Rd3 Rcd8 25.Rxd8 Qxd8 26.Rd1 Qb6 27.
Qc4+ Kh8 28.Qd3 e2 29.Re1 Qf2 30.Qd2 h6 31.Kb2 Qxg2 32.Qd7 Qg6 33.Qxb7 Qd3
34.Qc6 Qd2+ 35.Ka3 Re5 36.b4 Re3+ 37.Ka4 Qxa2+ 0-1

[Event "38th World U20 ch"]
[Site "Yerevan ARM"]
[Date "1999.09.28"]
[Round "11.2"]
[White "Asrian, Karen"]
[Black "Naumann, Alexander"]
[Result "1-0"]
[WhiteElo "2575"]
[BlackElo "2478"]
[EventDate "1999.09.18"]
[PlyCount "151"]

1.e4 c5 2.Nf3 d6 3.d4 cxd4 4.Nxd4 Nf6 5.Nc3 a6 6.Be2 e5 7.Nb3 Be7 8.O-O 
O-O 9.Be3 Be6 10.Qd2 Nbd7 11.a4 Rc8 12.a5 Re8 13.Rfc1 h6 14.f3 Bf8 15.Nd5 
Nxd5 16.exd5 Bf5 17.c4 Bh7 18.Re1 f5 19.f4 exf4 20.Bxf4 g5 21.Be3 Ne5 22.
Rac1 f4 23.Bd4 Bg7 24.Kh1 Rf8 25.Bxe5 Bxe5 26.Bg4 Qf6 27.Bxc8 Rxc8 28.c5 
f3 29.cxd6 Rxc1 30.Qxc1 f2 31.Rf1 Bd3 32.Qc8+ Kg7 33.Qd7+ Kf8 34.Qc8+ Kg7 
35.Qd7+ Kf8 36.Qe7+ Qxe7 37.dxe7+ Kxe7 38.Rxf2 Bc4 39.Nc5 Bxd5 40.b4 Bc3 
41.Rc2 Bxb4 42.Nxb7 h5 43.Rc7+ Kf6 44.Nc5 Bxa5 45.Ra7 Kf5 46.Rxa6 Bc3 47.
Nd3 h4 48.Ra3 Bd4 49.Ra4 Be3 50.h3 Bc6 51.Rb4 Ba7 52.Ne1 Bf2 53.Nf3 Be3 
54.Rb8 Bd5 55.Rf8+ Kg6 56.Ne5+ Kg7 57.Rd8 Be6 58.Rb8 Bf4 59.Rb7+ Kf6 60.
Nd7+ Bxd7 61.Rxd7 Be3 62.Rd5 Ke6 63.Ra5 Kf6 64.Kh2 Kg6 65.g4 hxg3+ 66.Kxg3
Bd2 67.Rd5 Bc1 68.Kg4 Kf6 69.Rd6+ Kf7 70.Kf5 Be3 71.Rd7+ Kf8 72.Kf6 Kg8 
73.Kg6 Kf8 74.Rd3 Bc1 75.Rd1 Bf4 76.h4 1-0

[Event "38th World U20 ch"]
[Site "Yerevan ARM"]
[Date "1999.09.28"]
[Round "11.3"]
[White "Kasimdzhanov, Rustam"]
[Black "Zhang Pengxiang"]
[Result "1-0"]
[WhiteElo "2603"]
[BlackElo "2462"]
[EventDate "1999.09.18"]
[PlyCount "125"]

1.d4 Nf6 2.c4 e5 3.dxe5 Ng4 4.Bf4 Nc6 5.Nf3 Bb4+ 6.Nbd2 Qe7 7.e3 Ngxe5 8.
Nxe5 Nxe5 9.Be2 O-O 10.O-O Ng6 11.Bg3 f5 12.Nb3 d6 13.a3 Bc5 14.Nxc5 dxc5 
15.Bf3 a5 16.Qd2 Ra6 17.a4 Kh8 18.Rad1 Nh4 19.Be2 Rg6 20.Rfe1 b6 21.Bf1 h5
22.Kh1 Bb7 23.Qe2 Rh6 24.b3 Ng6 25.h3 h4 26.Bh2 Bc6 27.Rd2 Re8 28.Qd1 Nf8 
29.Be2 Be4 30.Bf3 Rg6 31.Bxe4 Qxe4 32.Qh5+ Rh6 33.Qf7 Rf6 34.Qxc7 f4 35.f3
Qg6 36.Rd8 fxe3 37.Rxe8 Qxe8 38.Be5 Rf7 39.Qd6 Re7 40.Rxe3 Ng6 41.f4 Kh7 
42.Qd3 Kg8 43.Qe4 Rd7 44.Qf5 Qf7 45.Qg4 Re7 46.Kh2 Qe6 47.Qg5 Rf7 48.Rd3 
Rf5 49.Qd8+ Rf8 50.Qd7 Qe7 51.Kg1 Kh7 52.Rd6 Qxd7 53.Rxd7 Nxf4 54.Rxg7+ 
Kh6 55.Rb7 Ne2+ 56.Kh2 Re8 57.Rxb6+ Kh7 58.Bd6 Rd8 59.Bxc5 Rd2 60.Bf2 Rb2 
61.Bxh4 Nf4 62.Kg3 Nxg2 63.Bf6 1-0

[Event "38th World U20 ch"]
[Site "Yerevan ARM"]
[Date "1999.09.28"]
[Round "11.9"]
[White "Dervishi, Erald"]
[Black "Halkias, Stelios"]
[Result "0-1"]
[WhiteElo "2496"]
[BlackElo "2406"]
[EventDate "1999.09.18"]
[PlyCount "67"]

1.e4 c5 2.Nf3 Nc6 3.d4 cxd4 4.Nxd4 Qc7 5.Nb5 Qb8 6.c4 Nf6 7.N1c3 a6 8.Na3 
e6 9.Be2 Bc5 10.Nc2 b5 11.cxb5 axb5 12.Bxb5 Nxe4 13.Nxe4 Qxb5 14.Nxc5 Qxc5
15.O-O O-O 16.Be3 Qe7 17.Nd4 Ne5 18.f4 Nc4 19.Bc1 f5 20.b3 Nd6 21.a4 Ne4 
22.Ba3 d6 23.h3 Bb7 24.Re1 Qh4 25.Qf3 Rf6 26.Bb4 Rg6 27.Ra2 Bd5 28.Qe3 Rg3
29.Nf3 Qxh3 30.Ree2 Nf6 31.Be1 Ng4 32.Bxg3 Qxg3 33.Qd4 Bxf3 34.Rxe6 0-1

[Event "38th World U20 ch"]
[Site "Yerevan ARM"]
[Date "1999.09.28"]
[Round "11.10"]
[White "De Vreugt, Dennis"]
[Black "Bunzmann, Dimitrij"]
[Result "1/2-1/2"]
[WhiteElo "2398"]
[BlackElo "2596"]
[EventDate "1999.09.18"]
[PlyCount "105"]

1.e4 e6 2.d4 d5 3.Nc3 Bb4 4.e5 c5 5.Bd2 Ne7 6.Nce2 Bxd2+ 7.Qxd2 cxd4 8.
Nxd4 Nbc6 9.f4 Qb6 10.O-O-O Nxd4 11.Qxd4 Qxd4 12.Rxd4 Nc6 13.Rd2 g5 14.g3 
Rg8 15.Nh3 h6 16.Bb5 gxf4 17.Nxf4 Rg5 18.Nd3 Bd7 19.Bxc6 Bxc6 20.Rf2 Rc8 
21.Kd2 Bb5 22.Re1 Rc4 23.Ref1 Rc7 24.Re1 Rc4 25.Ref1 Rg7 26.Rf6 h5 27.Rh6 
h4 28.Rxh4 Rxh4 29.gxh4 Bxd3 30.cxd3 Rg4 31.Rf2 Rxh4 32.Kc3 Rg4 33.d4 Rh4 
34.Kd3 Rh3+ 35.Ke2 Kf8 36.Kd2 a5 37.Kc2 Ke7 38.Kd2 b6 39.Kc2 Ke8 40.Kd2 
Rh7 41.Kc3 Rh3+ 42.Kc2 b5 43.a3 Kf8 44.Kd2 Ke7 45.Kc2 a4 46.Kd2 Rb3 47.Kc2
b4 48.axb4 Rxb4 49.Rf4 Rb3 50.h4 Rg3 51.Kb1 a3 52.bxa3 Rxa3 53.Kc2 1/2-1/2

[Event "38th World U20 ch"]
[Site "Yerevan ARM"]
[Date "1999.09.28"]
[Round "11.11"]
[White "Sargissian, Gabriel"]
[Black "Smetankin, Stanislav"]
[Result "1/2-1/2"]
[WhiteElo "2470"]
[BlackElo "2385"]
[EventDate "1999.09.18"]
[PlyCount "116"]

1.e4 c5 2.d3 Nc6 3.g3 g6 4.Bg2 Bg7 5.c4 e6 6.Ne2 Nge7 7.Nbc3 d6 8.Bg5 O-O 
9.Qd2 a6 10.Bh6 e5 11.h4 Bxh6 12.Qxh6 f6 13.Qd2 Nd4 14.Nxd4 cxd4 15.Nd5 
Nxd5 16.cxd5 f5 17.exf5 Bxf5 18.O-O Rc8 19.f4 Qd7 20.Rae1 Rce8 21.fxe5 
dxe5 22.Qg5 Kg7 23.g4 h6 24.Qd2 Bxg4 25.Rxf8 Rxf8 26.Rxe5 Qd6 27.Qe1 Bf5 
28.Re7+ Rf7 29.Rxf7+ Kxf7 30.Qf2 Qe5 31.h5 gxh5 32.Be4 Kg6 33.Qg2+ Kf6 34.
Qf2 Kg5 35.d6 Bd7 36.Qg2+ Kh4 37.Bxb7 Qxd6 38.Qe4+ Kg5 39.Qg2+ Bg4 40.Qd2+
Kh4 41.b4 Qg3+ 42.Qg2 Qe1+ 43.Qf1 Qxf1+ 44.Kxf1 Kg3 45.a4 h4 46.b5 axb5 
47.axb5 Kf4 48.b6 Ke5 49.Be4 Kd6 50.Kg2 Kd7 51.Kh2 Kc8 52.b7+ Kc7 53.Kg2 
Bd7 54.Kh2 Bb5 55.Kh3 Ba6 56.Kxh4 Bxb7 57.Bxb7 Kxb7 58.Kh5 Kc6 1/2-1/2

[Event "38th World U20 ch"]
[Site "Yerevan ARM"]
[Date "1999.09.28"]
[Round "11.12"]
[White "Pinski, Jan"]
[Black "Jakupovic, Neven"]
[Result "1-0"]
[WhiteElo "2444"]
[BlackElo "2263"]
[EventDate "1999.09.18"]
[PlyCount "69"]

1.e4 c6 2.d4 d5 3.f3 g6 4.Nc3 Bg7 5.Be3 e6 6.Qd2 b6 7.O-O-O Ba6 8.Nge2 Nd7
9.Kb1 Qc7 10.g4 Ne7 11.h4 O-O-O 12.h5 Rhg8 13.Bh3 f6 14.Nf4 Nf8 15.exd5 
exd5 16.g5+ f5 17.Bf1 Bxf1 18.Rdxf1 Kb7 19.Re1 Nc8 20.h6 Bh8 21.Bf2 Nd6 
22.b3 Nf7 23.Rhg1 Qd7 24.Na4 Ka8 25.Qb4 Re8 26.Rxe8+ Qxe8 27.Re1 Qd8 28.
Re7 Nxg5 29.Nxb6+ Qxb6 30.Re8+ Kb7 31.Qe7+ Ka6 32.Qxg5 Bxd4 33.Bxd4 Qxd4 
34.Nd3 c5 35.Qd8 1-0

[Event "38th World U20 ch"]
[Site "Yerevan ARM"]
[Date "1999.09.28"]
[Round "11.13"]
[White "Jenni, Florian"]
[Black "Mchedlishvili, Mikheil"]
[Result "1/2-1/2"]
[WhiteElo "2399"]
[BlackElo "2441"]
[EventDate "1999.09.18"]
[PlyCount "97"]

1.e4 e6 2.d4 d5 3.Nd2 dxe4 4.Nxe4 Nd7 5.Nf3 Ngf6 6.Bg5 h6 7.Nxf6+ Nxf6 8.
Bf4 c5 9.Bc4 Bd6 10.Bb5+ Ke7 11.Bxd6+ Qxd6 12.Qe2 a6 13.Bc4 b5 14.dxc5 
Qxc5 15.Bb3 Bb7 16.O-O Qh5 17.Nd4 Qxe2 18.Nxe2 Ne4 19.c3 Nd2 20.Rfd1 Nxb3 
21.axb3 Rhd8 22.b4 e5 23.f4 f6 24.Kf2 Ke6 25.g3 g5 26.h3 Rg8 27.fxe5 fxe5 
28.Ke3 Rgf8 29.Ng1 Rad8 30.Rxd8 Rxd8 31.Nf3 Kf5 32.Rf1 Ke6 33.Nd2 h5 34.
Ra1 Kf5 35.Nb3 Bg2 36.h4 Kg4 37.hxg5 Kxg3 38.Nd2 h4 39.Ne4+ Bxe4 40.Kxe4 
Rg8 41.Kf5 h3 42.Rxa6 h2 43.Rh6 e4 44.Kxe4 Rxg5 45.Rxh2 Kxh2 46.b3 Rg3 47.
Kd4 Kh3 48.c4 Rxb3 49.cxb5 1/2-1/2

[Event "38th World U20 ch"]
[Site "Yerevan ARM"]
[Date "1999.09.28"]
[Round "11.14"]
[White "Matikozian, Andranik"]
[Black "Perelshteyn, Eugene"]
[Result "1/2-1/2"]
[WhiteElo "2427"]
[BlackElo "2416"]
[EventDate "1999.09.18"]
[PlyCount "39"]

1.e4 c5 2.Nf3 g6 3.Nc3 Bg7 4.Bc4 Nc6 5.O-O d6 6.Re1 e6 7.Bb5 e5 8.Nd5 Ne7 
9.d4 O-O 10.dxc5 dxc5 11.Nxe7+ Qxe7 12.c3 Rd8 13.Qe2 Na5 14.Be3 b6 15.Nd2 
Bb7 16.f3 Bf6 17.Nc4 Nxc4 18.Bxc4 Rd7 19.Red1 Rad8 20.Rxd7 1/2-1/2

[Event "38th World U20 ch"]
[Site "Yerevan ARM"]
[Date "1999.09.28"]
[Round "11.15"]
[White "Pert, Nicholas"]
[Black "Dovramadiev, Tikhomir"]
[Result "1-0"]
[WhiteElo "2425"]
[BlackElo "2254"]
[EventDate "1999.09.18"]
[PlyCount "59"]

1.d4 Nf6 2.Nf3 d6 3.g3 Nbd7 4.Bg2 e5 5.O-O c6 6.c4 Be7 7.Nc3 O-O 8.d5 c5 
9.Ne1 Ne8 10.e4 a6 11.Nd3 Rb8 12.a4 b6 13.Qe2 Nc7 14.Bh3 Bf6 15.Bd2 b5 16.
axb5 axb5 17.cxb5 Nxb5 18.Nxb5 Rxb5 19.Bc3 Qb6 20.Ne1 Rd8 21.Nc2 Ba6 22.
Ra3 Nb8 23.Rfa1 Bc8 24.Bf1 Rxb2 25.Bxb2 Qxb2 26.Qc4 Qb6 27.Rb3 Qc7 28.Ra8 
Nd7 29.Qb5 Kf8 30.Qc6 1-0

[Event "38th World U20 ch"]
[Site "Yerevan ARM"]
[Date "1999.09.28"]
[Round "11.18"]
[White "Bucinskas, Valdas"]
[Black "Gaprindashvili, Valerian"]
[Result "0-1"]
[WhiteElo "2248"]
[BlackElo "2390"]
[EventDate "1999.09.18"]
[PlyCount "102"]

1.e4 c6 2.d4 d5 3.Nc3 dxe4 4.Nxe4 Bf5 5.Ng3 Bg6 6.Nf3 Nf6 7.Ne5 Nbd7 8.
Nxg6 hxg6 9.Bd3 e6 10.c3 Qc7 11.h3 c5 12.Be3 Nd5 13.Qf3 Nxe3 14.fxe3 f5 
15.O-O-O O-O-O 16.Kb1 Nb6 17.Ne2 Bd6 18.dxc5 Bxc5 19.e4 Rhf8 20.Rhf1 Nd7 
21.Bc4 Rf6 22.Nf4 Bd6 23.e5 Bxe5 24.Bxe6 Bxf4 25.Bxd7+ Rxd7 26.Rxd7 Qxd7 
27.Qxf4 Qd3+ 28.Ka1 Re6 29.a3 Re4 30.Qf2 b6 31.Re1 Kb7 32.Qg1 Ka6 33.Rd1 
Qc2 34.Rc1 Qd2 35.Rd1 Qe3 36.Qxe3 Rxe3 37.Rd2 Kb5 38.Kb1 a5 39.Kc2 Rg3 40.
Rf2 a4 41.b3 Ka5 42.bxa4 Kxa4 43.Kb2 Re3 44.Rf4+ Re4 45.g3 Kb5 46.Kb3 Re3 
47.g4 Re4 48.Rf1 f4 49.h4 Kc5 50.Rd1 f3 51.Rf1 Re3 0-1

[Event "38th World U20 ch"]
[Site "Yerevan ARM"]
[Date "1999.09.28"]
[Round "11.19"]
[White "Khamrakulov, Ibragim"]
[Black "Labollita, Martin"]
[Result "1-0"]
[WhiteElo "2383"]
[BlackElo "2199"]
[EventDate "1999.09.18"]
[PlyCount "61"]

1.e4 Nf6 2.e5 Nd5 3.d4 d6 4.Nf3 Bg4 5.Be2 e6 6.c4 Nb6 7.h3 Bh5 8.exd6 cxd6
9.O-O Be7 10.b3 O-O 11.Nc3 Nc6 12.Be3 d5 13.c5 Bxf3 14.Bxf3 Nc8 15.a3 Bf6 
16.b4 N8e7 17.g4 g5 18.Bg2 Ng6 19.Ne2 Bg7 20.Qd2 h6 21.f4 gxf4 22.Nxf4 
Nxf4 23.Rxf4 e5 24.Rf5 Nxd4 25.Bxd4 exd4 26.Raf1 a5 27.g5 hxg5 28.Bxd5 Ra6
29.c6 bxc6 30.Bxf7+ Kh7 31.Qd3 1-0